Quizzes
Events
Quiz Creation
Community
Videos
Private Events
Remove Ads
Sign In
Join for FREE
Feedback
Dark Mode
Quiz Categories
Sports
Geography
Music
Movies
Television
Just For Fun
Miscellaneous
History
Literature
Language
Science
Gaming
Entertainment
Religion
Holiday
For Kids
Quiz Lab
Recent
Popular Today
Quiz Kudos Today
Editor Picks
Curator Picks
Quizzes by...
Day
Popularity
Type
Ratings
Length
Year
Community
Subscriptions
Recent Discussions
Orange Saloon
Badges
Playlists
Quests
Create
Leaderboards
Showdown
Live 5
Trivia Bingo
Activity
Puzzle Library
Sporcle Events
Private Events
Virtual Trivia
Globe League
Become a Host
Pub Owners
SporcleCon
Opinionation
Our Games
Videos
Blog
Mobile Apps
Partnerships
Remove Ads and Go Orange
Feedback
History
US Presidents
World Leaders
Politics
Nation
Discovery
War
Decade
Year
Century
Biography
Art
History
US Presidents
World Leaders
Politics
Nation
Discovery
War
Decade
Year
Century
Biography
Art
Random Quiz
Search Sporcle
×
Quiz Lab
Quiz Lab
History
Event
Type in answers that appear in a list
Type in answers that appear in a list
Classic
Best Score? Go Orange.
2008 Stats
Can you name the notable events of 2008?
By
mcam117
7m
17 Questions
60 Plays
60 Plays
60 Plays
Comments
Comments
Give Quiz Kudos
Give Quiz Kudos
-
- Ratings
hide this ad
More Info
Replay
Link that replays current quiz
Next Quiz
Link to next quiz in quiz playlist
You Got
0%
They Got
Avg Score
7%
Avg Friend Score
Upgrade to see
Score Distribution
Jump to the score distribution portion of the page
Score
0/17
Timer
07:00
0
Plays Today
% Correct
Barack Obama
88.3%
China
13.3%
New York Giants
8.3%
Lehman Brothers
5%
Michael Phelps
5%
India
5%
Japan
1.7%
Somalia
1.7%
Bill Gates
1.7%
% Correct
Petroleum
0%
Guinea
0%
Thailand
0%
Northwest Airlines
0%
Hurricane Ike
0%
Myanmar
0%
Bhutan
0%
Raul Castro
0%
Quiz Playlist
Details
Report
Send in Message
Add To Playlist
More Info:
An exciting year summed up in 7 minutes
Classic:
Type in answers that appear in a list
Quiz Source
Last Updated: Feb 16, 2017
Quiz Scoreboard
CHALLENGE
Sign Up to Join the Scoreboard
Show All
Scores
Hide
Comments
May contain spoilers
Recently Published
Alphabetical 'K' Countries by Flag Minefield
by ylime102
Geography
3m
Pick 6: Fruits
by JohnFran
Miscellaneous
15s
Click the 1999 NBA Draft
by nibperrychub
Sports
2m
More to Explore
Quiz From the Vault
Featured Blog Post
15 Basketball Trivia Facts You Can Be March Mad About
hide this ad
You Might Also Like...
Tags
2008
Event
Notable
Today's Top Quizzes in History
Browse History
hide this ad
Today's Top Quizzes in Event
Browse Event
Top Contributed Quizzes in History
1
Famous Spring Paintings
2
Mahatma Gandhi, This Is Your Life
3
'NCAA' US History
4
I Am Born On March 18th
5
George Washington, This Is Your Life
6
Abraham Lincoln, This Is Your Life
7
Arab Spring Nations
8
Marco Polo, This Is Your Life
9
10 to 1: Generals by War
10
John F. Kennedy, This Is Your Life
Explore More
Trending Topics
Disney
Harry Potter
Crossword
NBA
Anime
Marvel
Kpop
Pokémon
WWE
Soccer
The Office
NFL
Country
Song
Puzzle
hide this ad
Score Distribution
Quiz Creator Spotlight
mcam117
Follow
Send a Message
Quizzes Created
-
Created Quiz Play Count
-
Popular Quizzes Today
1
Find the US States - No Outlines Minefield
2
Countries of Asia Without Outlines Minefield
3
Pick 6: Fruits
4
Alphabetical 'K' Countries by Flag Minefield
5
The Countries of the World
6
Find the US States
7
Match the Book to the Film X
8
Click the 1999 NBA Draft
More History Quizzes
Historical Events Missing a Letter
Published
Trending Quizzes
Pick 6: Harry Potter
Pick 6: Mountains
Pick 6: NFL Teams
Pick 6: Movie Franchises
Pick 6: Golfers
Recently Updated
NWSL Teams
pecheneg
Women's Final Four Teams by Year
bhenderson79
Presidents Quartet II
eogle
Anything But Clue(do)
eogle
Anything But Oceanian Capitals
eogle
Anything But 7
eogle
Anything But Thing
eogle
Word Ladder: February 29
pecheneg
Song Title Questions
pecheneg
Women's NCAA Tournament #1 Seeds
pecheneg
Trending Topics
Harry Potter
Marvel
Crossword
Anime
Disney
NBA
Kpop
Pokémon
Song
Country
Puzzle
Soccer
The Office
WWE
NFL
Your Account Isn't Verified!
In order to create a playlist on Sporcle, you need to verify the email address you used during registration. Go to your
Sporcle Settings
to finish the process.
Report this User
Report this user for behavior that violates our
Community Guidelines
.
Details:
Send Report
Go to the Sporcle.com Mobile Site →
Comments